True to life english for adult learners: intermediate class book

Guardat en:
Dades bibliogràfiques
Autors principals: Gairns, Ruth (Autor), Redman, Stuart (Autor), Collie, Joanne (Autor)
Format: Llibre
Idioma:anglès
Publicat: Cambridge Cambridge University 1996
Matèries:
Etiquetes: Afegir etiqueta
Sense etiquetes, Sigues el primer a etiquetar aquest registre!

MARC

LEADER 00000nam a2200000 a 4500
001 UCP4680
003 CL-VaPUC
008 990813e19960000uk |||||||||||||||||eng|d
082 0 4 |a 428.8  |b GAI  |2 21 
100 |a Gairns, Ruth  |e author  |9 558590 
700 0 |a Redman, Stuart  |e author  |9 432359 
700 0 |a Collie, Joanne  |e author  |9 432360 
245 1 0 |a True to life english for adult learners: intermediate class book 
300 |a 176 p 
942 |c BK 
945 |d 19990813 00:00:00  |a rbrito 
260 |a Cambridge  |b Cambridge University  |c 1996 
500 |a Incluye 3 class cassette set 1 units 1-8, 2 units 9-15, 3 units 16-22 
650 0 |a Inglés  |9 260023 
650 0 |a Gramática  |9 270497 
650 0 |a Comprensión   |9 339377 
650 0 |a Enseñanza del inglés  |9 367340 
650 0 |a Enseñanza de idiomas  |9 339820 
583 |a last modification  |c 20130806 07:57:38  |k Rodrigo Vera 
999 |c 282583  |d 282581 
952 |0 0  |1 0  |4 0  |6 428_800000000000000_GAI_1996  |7 0  |8 A  |9 324476  |a BIBEDU  |b BIBEDU  |d 2019-11-20  |i 3538265  |l 1  |o 428.8 GAI 1996  |p 3538265  |r 2024-09-10  |s 2024-09-10  |w 2019-11-20  |y BK  |k LIT 
952 |0 0  |1 0  |4 0  |6 428_800000000000000_GAI_1996  |7 0  |8 A  |9 324477  |a BIBEDU  |b BIBEDU  |d 2019-11-20  |i 3539091  |o 428.8 GAI 1996  |p 3539091  |r 2019-11-20  |w 2019-11-20  |y BK  |k CIT 
952 |0 0  |1 0  |4 0  |6 428_800000000000000_GAI_1996  |7 0  |8 A  |9 324478  |a BIBEDU  |b BIBEDU  |d 2019-11-20  |i 3539105  |o 428.8 GAI 1996  |p 3539105  |r 2019-11-20  |w 2019-11-20  |y BK  |k CIT 
952 |0 0  |1 0  |4 0  |6 428_800000000000000_GAI_1996  |7 0  |8 A  |9 324479  |a BIBEDU  |b BIBEDU  |d 2019-11-20  |i 3539113  |o 428.8 GAI 1996  |p 3539113  |r 2019-11-20  |w 2019-11-20  |y BK  |k CIT